[Event "Mechanics' Winter TNM; 30/90, SD/30"]
[Site "San Francisco"]
[Date "2015.01.27"]
[Round "4.12"]
[White "Uzzaman, Ashik"]
[Black "Reyes, Robert"]
[Result "1/2-1/2"]
[WhiteElo "1938"]
[BlackElo "1691"]
[Annotator "Donaldson"]
[PlyCount "86"]
[EventDate "2015.??.??"]

1. e4 e6 2. Nf3 d5 3. e5 c5 4. b4 Nc6 (4... cxb4) 5. b5 (5. bxc5 Bxc5 (5... d4
$5) 6. d4) 5... Nd4 6. Nxd4 cxd4 7. Bb2 Bc5 8. Qg4 g6 {Diagram [#]} 9. Bxd4 $2
Nh6 10. Qf4 g5 $1 11. Qe3 Nf5 12. Bxc5 {White prefers to sacrifice his queen
for two pieces rather than just play a piece down.} Nxe3 13. fxe3 Qc7 14. d4 b6
15. Bb4 Qxc2 {Black should be winning but there is still work to be done.} 16.
Nd2 Bd7 17. Be2 Qa4 18. a3 Qc2 ({There was nothing wrong with} 18... Bxb5 {
- for example} 19. Bd1 Qa6 20. a4 Bd3) 19. O-O Qg6 $2 (19... Rc8 20. Rf6 Rc3 $1
21. Bxc3 Qxc3 22. Rd1 Qxe3+ 23. Kf1 Qxa3 {winning.}) 20. Rf6 Qg7 21. Raf1 (21.
Bh5 $1 {and White's chances are not worse.}) 21... h5 $1 {
Black alertly stops Bh5.} 22. a4 Rh6 (22... Rc8 23. Bd3 Rh6 24. R6f2 {
and while the engines favor Black it is not easy for him to make progress
while White will play e4.}) 23. R6f2 Rc8 24. Bd3 Rc7 25. Nb1 Rh8 26. Nc3 Bc8
27. Rc2 Bd7 28. e4 $1 (28. Nxd5 $2 Rxc2 29. Nf6+ Qxf6 30. Rxf6 Ra2 {
favors Black, but}) (28. Ne4 Rxc2 29. Nd6+ Kd8 30. Nxf7+ (30. Bxc2 Rf8 31. Rf6)
30... Qxf7 31. Rxf7 Ra2 32. Be7+ Kc8 33. Bxg5 Rxa4 34. h4 $11) 28... dxe4 29.
Nxe4 Rxc2 30. Bxc2 {White is better!} Kd8 31. Bd3 $2 (31. Nd6 $1) 31... g4 32.
Nd6 Be8 33. Bd2 $1 g3 34. h3 Rf8 35. Rf6 (35. Rc1 $1 Bd7 36. Ne4 $16) 35... Rh8
36. Be4 $1 {White continues to improve his pieces. While Black has extra
material, look at the difference in activity of the two forces!} h4 37. Kf1 (
37. a5 {followed Rf6-f3 and then to a3 or c3 is hard for Black to meet.}) 37...
Rg8 (37... Kc7 {with the idea} 38. Rf3 Kb8 39. Rc3 Bd7) 38. Ke1 Ke7 39. Nc8+ $2
(39. Bb4 Kd7 40. Rf3 {followed by Rc3 is winning.}) 39... Kd8 40. Nxa7 $2 (40.
Nd6) 40... Qf8 $1 41. Nc6+ Bxc6 42. bxc6 Qa3 $1 43. Rxf7 Rf8 {
Black is again much better and should have continued playing.} 1/2-1/2

[Event "Mechanics' Winter TNM; 30/90, SD/30"]
[Site "San Francisco"]
[Date "2015.02.10"]
[Round "6.20"]
[White "Uzzaman, Ashik"]
[Black "Sadowsky, Jacob"]
[Result "1-0"]
[WhiteElo "1938"]
[BlackElo "1681"]
[PlyCount "59"]
[EventDate "2015.??.??"]

1. e4 d5 2. exd5 Qxd5 3. Nc3 Qa5 4. d4 c6 5. Bd2 Qc7 6. Bc4 Nf6 7. Nf3 Bg4 8.
h3 Bh5 9. Qe2 Nbd7 10. O-O-O e6 11. g4 Bg6 12. Ne5 Be7 13. h4 h5 14. Nxg6 fxg6
15. g5 Nd5 16. Qxe6 Nf8 17. Qe4 Nxc3 18. Bxc3 O-O-O 19. Rhe1 Bd6 20. Kb1 b5 21.
Bb3 a5 22. Bxa5 Qxa5 23. Qxc6+ Bc7 24. Re7 Kb8 25. Bd5 Rxd5 26. Qxd5 Qb4 27.
Re8+ Ka7 28. c3 Qc4 29. Qa8+ Kb6 30. Rxf8 1-0

[Event "Mechanics' Spring TNM; G/2"]
[Site "San Francisco"]
[Date "2015.04.21"]
[Round "6.10"]
[White "Uzzaman, Ashik"]
[Black "Steger, Eric"]
[Result "1/2-1/2"]
[WhiteElo "2045"]
[BlackElo "1963"]
[PlyCount "74"]
[EventDate "2015.??.??"]

1. e4 e5 2. f4 d5 3. exd5 e4 4. d3 Qxd5 5. Nc3 Bb4 6. Bd2 Bxc3 7. Bxc3 f6 8.
Qe2 Ne7 9. dxe4 Qc5 10. Nf3 Nbc6 11. O-O-O Be6 12. e5 Kf7 13. exf6 gxf6 14. a3
Rhd8 15. Re1 Ba2 16. g4 Re8 17. Qd3 Ng6 18. Rxe8 Rxe8 19. Bd2 Rd8 20. Qe3 Qxe3
21. Bxe3 Bd5 22. Bg2 Nd4 23. Nxd4 Bxg2 24. Rg1 Nxf4 25. Bxf4 Rxd4 26. Rxg2 Rxf4
27. Kd2 f5 28. Ke3 Rxg4 29. Rxg4 fxg4 30. Kf4 h5 31. Kg5 Ke6 32. Kxh5 Kf5 33.
c4 a5 34. b4 a4 35. Kh6 Kf6 36. Kh5 Kf5 37. Kh6 Kf6 1/2-1/2

[Event "Mechanics' Spring TNM; G/2"]
[Site "San Francisco"]
[Date "2015.04.07"]
[Round "4.10"]
[White "Uzzaman, Ashik"]
[Black "Stuetzel, Ezra"]
[Result "1-0"]
[WhiteElo "2045"]
[BlackElo "1549"]
[PlyCount "47"]
[EventDate "2015.??.??"]

1. e4 d5 2. exd5 Nf6 3. d4 Nxd5 4. c4 Nb6 5. Nc3 g6 6. Be3 Bg7 7. Qd2 O-O 8.
Nf3 Nc6 9. Be2 Bg4 10. O-O-O Bxf3 11. gxf3 e5 12. d5 Na5 13. b3 c6 14. Nb1 cxd5
15. Qxa5 d4 16. h4 Qe7 17. Bd2 Rfc8 18. h5 Nd7 19. hxg6 fxg6 20. Qd5+ Kh8 21.
Rxh7+ Kxh7 22. Rh1+ Bh6 23. Bxh6 Nf6 24. Bf8+ 1-0

[Event "Mechanics' Summer TNM; G/2"]
[Site "San Francisco"]
[Date "2015.05.26"]
[Round "1.11"]
[White "Uzzaman, Ashik"]
[Black "Stuetzel, Ezra G"]
[Result "1-0"]
[WhiteElo "2027"]
[BlackElo "1549"]
[PlyCount "39"]
[EventDate "2015.??.??"]

1. e4 d5 2. exd5 Nf6 3. d4 Nxd5 4. c4 Nb6 5. Nc3 c5 6. d5 e6 7. Be3 exd5 8.
cxd5 Bd6 9. Bb5+ Bd7 10. Bd3 Na6 11. Rc1 Nc7 12. Ne4 Qe7 13. Nxd6+ Qxd6 14.
Bxc5 Qe5+ 15. Ne2 Nbxd5 16. O-O Ne7 17. f4 Qf6 18. Ng3 Ne6 19. Ne4 Qxb2 {
Diagram #} 20. Rf2 1-0

[Event "Mechanics' Summer TNM; G/2"]
[Site "San Francisco"]
[Date "2015.06.16"]
[Round "4.1"]
[White "Uzzaman, Ashik"]
[Black "Winslow, Elliott"]
[Result "0-1"]
[WhiteElo "2027"]
[BlackElo "2301"]
[Annotator "Donaldson"]
[PlyCount "38"]
[EventDate "2015.??.??"]

1. e4 c5 2. Nc3 a6 3. f4 e6 4. d3 d5 5. Nf3 Nf6 6. Qe2 Be7 7. Bd2 Nc6 8. g3 Nd4
9. Nxd4 cxd4 10. Nd1 dxe4 11. dxe4 Bd7 12. Nf2 Qb6 13. O-O-O Rc8 14. Be1 Ba4
15. b3 O-O $6 (15... Bxb3 $1 16. axb3 Qxb3) 16. Bg2 (16. Kb1 Rc7 {
and Black is still much better.}) 16... Bxb3 17. axb3 Qxb3 18. Qd3 Rxc2+ 19.
Qxc2 Ba3+ 0-1

[Event "Mechanics' Spring TNM; G/2"]
[Site "San Francisco"]
[Date "2015.03.31"]
[Round "3.36"]
[White "Vazquez, Erasmo"]
[Black "Gomboluudev, Ehkjhin"]
[Result "0-1"]
[WhiteElo "1576"]
[BlackElo "1518"]
[PlyCount "110"]
[EventDate "2015.??.??"]

1. d4 d5 2. c4 c6 3. Nc3 Nf6 4. Nf3 e6 5. Bg5 Be7 6. e3 Nbd7 7. Bd3 dxc4 8.
Bxc4 b5 9. Bd3 Bb7 10. O-O a6 11. e4 c5 12. Bxf6 Nxf6 13. e5 Nd5 14. dxc5 Nxc3
15. bxc3 Bxc5 16. Qe2 O-O 17. Rfd1 Qc7 18. Be4 Bxe4 19. Qxe4 h6 20. Rd2 a5 21.
Rad1 Rab8 22. Rd7 Qb6 23. R1d2 b4 24. cxb4 Bxb4 25. Rd1 Bc5 26. R7d2 Rfc8 27.
Nd4 a4 28. Nc2 a3 29. Ne3 Bxe3 30. fxe3 Rd8 31. Rd6 Qa5 32. Qd4 Rdc8 33. Rd7
Rb2 34. Qf4 Rf8 35. Rf1 f5 36. Qc4 Qxe5 37. Qd4 Qxd4 38. exd4 Rxa2 39. Ra7 Rd2
40. Rxa3 Rxd4 41. Re3 Rf6 42. Rfe1 Kf7 43. Kf1 Rd2 44. Kg1 Rg6 45. g3 Rf6 46.
Rc3 g5 47. Rc7+ Kg6 48. Rc6 e5 49. Rc7 Re6 50. Rc5 e4 51. Rf1 Rf6 52. Re5 Re2
53. Re7 Kh5 54. Re5 Kg4 55. Kh1 Kh3 0-1

[Event "Mechanics' Spring TNM; G/2"]
[Site "San Francisco"]
[Date "2015.04.21"]
[Round "6.38"]
[White "Vazquez, Erasmo"]
[Black "Sachs-Weintraub, Julian"]
[Result "1/2-1/2"]
[WhiteElo "1576"]
[BlackElo "1141"]
[PlyCount "118"]
[EventDate "2015.??.??"]

1. d4 d5 2. c4 c6 3. Nc3 e6 4. Nf3 Bb4 5. a3 Bxc3+ 6. bxc3 h6 7. a4 Nf6 8. Ba3
Nbd7 9. e3 b6 10. Bd3 Ne4 11. Bxe4 dxe4 12. Nd2 Nf6 13. f3 exf3 14. Qxf3 Bb7
15. Qg3 g6 16. Qe5 Rg8 17. h3 Nd7 18. Qg3 c5 19. Rf1 Qb8 20. Qf2 Rf8 21. Rb1 a5
22. dxc5 Nxc5 23. Bxc5 bxc5 24. Nb3 Be4 25. Rb2 Qe5 26. Qf6 Qxf6 27. Rxf6 Rb8
28. Rff2 Ke7 29. Nxc5 Ba8 30. Nb3 Bc6 31. Nxa5 Bxa4 32. Ra2 Rb1+ 33. Ke2 Bd1+
34. Kd3 Rd8+ 35. Ke4 f5+ 36. Kf4 g5+ 37. Kg3 Rd3 38. c5 Rxe3+ 39. Kh2 Re1 40.
c6 Bh5 41. g4 Rh1+ 42. Kg3 f4+ 43. Kf3 Rxh3+ 44. Ke4 Bg6+ 45. Kd4 Rd3+ 46. Kc4
Rc1 47. Kb5 Rdxc3 48. Rfd2 Bd3+ 49. Rxd3 Rxd3 50. Nc4 Rd5+ 51. Kb4 Rb1+ 52. Kc3
Rc5 53. Ra7+ Kd8 54. Rd7+ Kc8 55. Kd4 Rd1+ 56. Kxc5 Rxd7 57. cxd7+ Kxd7 58.
Ne5+ Ke7 59. Kd4 Kf6 {...} 1/2-1/2

[Event "Mechanics' Winter TNM; 30/90, SD/30"]
[Site "San Francisco"]
[Date "2015.02.03"]
[Round "5.11"]
[White "Vickers, Keith"]
[Black "Anderson, Michael"]
[Result "1-0"]
[WhiteElo "2200"]
[BlackElo "1929"]
[PlyCount "97"]
[EventDate "2015.??.??"]

1. d4 f5 2. Bf4 Nf6 3. e3 g6 4. h4 h6 5. f3 d6 6. Nc3 Nc6 7. Bc4 Na5 8. Be2 Nc6
9. e4 e5 10. dxe5 dxe5 11. Qxd8+ Kxd8 12. O-O-O+ Bd6 13. Be3 Ke7 14. Nd5+ Nxd5
15. exd5 Nb8 16. Nh3 c6 17. c4 b6 18. g4 cxd5 19. cxd5 Ba6 20. Bd3 Bxd3 21.
Rxd3 Nd7 22. gxf5 gxf5 23. Rg1 Kf7 24. Rc3 Rac8 25. Kd1 f4 26. Bd2 Rxc3 27.
Bxc3 Nf6 28. Re1 Re8 29. Nf2 Nxd5 30. h5 Nxc3+ 31. bxc3 Re6 32. Ng4 Bc7 33. Kc2
b5 34. Re4 Ke7 35. Kb3 Kd7 36. c4 a6 37. cxb5 axb5 38. a4 bxa4+ 39. Rxa4 Kc6
40. Rc4+ Kd7 41. Kc2 Ra6 42. Kd3 Ra3+ 43. Rc3 Ra1 44. Nxh6 Rh1 45. Ng4 Ba5 46.
Ra3 Bc7 47. h6 Kd6 48. Ke4 Ke6 49. Ra6+ 1-0

[Event "Mechanics' Leighton Allen TNM; G/2"]
[Site "San Francisco"]
[Date "2015.08.18"]
[Round "3.12"]
[White "Vickers, Keith"]
[Black "Campers Jr, Willie"]
[Result "1/2-1/2"]
[WhiteElo "2200"]
[BlackElo "1760"]
[PlyCount "111"]
[EventDate "2015.??.??"]

1. Nc3 d5 2. e4 d4 3. Nce2 e5 4. Ng3 Nf6 5. Nf3 Bd6 6. Bc4 O-O 7. O-O a6 8. d3
b5 9. Bb3 Nc6 10. a3 Na5 11. Ba2 c5 12. Bg5 Bd7 13. Nh5 Be7 14. Nxe5 Nxh5 15.
Bxe7 Qxe7 16. Nxd7 Qxd7 17. Qxh5 c4 18. Qe2 Rac8 19. Rfd1 Rc6 20. Qe1 Qc7 21.
Qb4 Rd8 22. a4 Rh6 23. g3 Nc6 24. Qc5 Qd7 25. Qf5 Qd6 26. f4 Qb4 27. axb5 axb5
28. dxc4 Qxb2 29. cxb5 Qxc2 30. Bxf7+ Kh8 31. h4 Nb4 32. Qh3 Qxe4 33. Qg2 Qf5
34. Ra8 Rhd6 35. Rxd8+ Rxd8 36. Bc4 Qc5 37. Bd3 Nxd3 38. Rxd3 Qxb5 39. Qe4 Qb2
40. Qg2 Qb1+ 41. Qf1 Qc2 42. Qd1 Qc4 43. Kg2 h6 44. Qd2 Kh7 45. Kh3 Qe6+ 46. g4
Qe4 47. h5 Rd6 48. Kg3 Kg8 49. Qa2+ Kf8 50. Qc4 Qe1+ 51. Kh3 Qf2 52. Qc8+ Ke7
53. Qc7+ Rd7 54. Qe5+ Kd8 55. Qb8+ Ke7 56. Qe5+ 1/2-1/2

[Event "Mechanics' Fall TNM; G/2"]
[Site "San Francisco"]
[Date "2015.11.03"]
[Round "3.7"]
[White "Vickers, Keith"]
[Black "Clemens, Kristian"]
[Result "1-0"]
[WhiteElo "2200"]
[BlackElo "1932"]
[PlyCount "97"]
[EventDate "2015.??.??"]

1. d4 d5 2. Bf4 Nf6 3. e3 Bf5 4. c4 e6 5. Qb3 Qc8 6. Nc3 c6 7. Nf3 Nbd7 8. h3
Be7 9. Be2 dxc4 10. Bxc4 Nb6 11. Be2 Nfd5 12. Bg3 O-O 13. Nh4 Bg6 14. Nxg6 hxg6
15. O-O Qd7 16. Rac1 Bd6 17. Nxd5 Bxg3 18. Nxb6 Bxf2+ 19. Rxf2 axb6 20. Qxb6
Rxa2 21. Bc4 Ra4 22. Rfc2 Rfa8 23. Be2 Qe7 24. Qc5 Qc7 25. Bf3 R8a5 26. Qc3 Qe7
27. Qd2 e5 28. Rc5 Rxc5 29. dxc5 Qg5 30. Rd1 Kh7 31. e4 Qe7 32. b4 Qf6 33. Qc3
Qf4 34. Ra1 Rxa1+ 35. Qxa1 Qd2 36. Qxe5 Qxb4 37. Qd6 b6 38. Qxc6 Qd4+ 39. Kh2
Qe5+ 40. g3 bxc5 41. Qd5 Qf6 42. e5 Qg5 43. e6 Qxd5 44. Bxd5 fxe6 45. Bxe6 Kh6
46. Kg2 Kg5 47. Kf3 Kf6 48. Bc4 Ke5 49. Bd3 1-0

[Event "Mechanics' Spring TNM; G/2"]
[Site "San Francisco"]
[Date "2015.04.07"]
[Round "4.3"]
[White "Vickers, Keith"]
[Black "Doyle, Bryon"]
[Result "0-1"]
[WhiteElo "2200"]
[BlackElo "2158"]
[PlyCount "44"]
[EventDate "2015.??.??"]

1. d4 Nf6 2. Nf3 g6 3. Nc3 d5 4. Bf4 Bg7 5. e3 O-O 6. Be2 b6 7. Ne5 Bb7 8. h4
Ne4 9. Nxe4 dxe4 10. h5 c5 11. hxg6 hxg6 12. c3 Nc6 13. Nxg6 fxg6 14. Bc4+ Rf7
15. Qg4 e5 16. dxe5 Ne7 17. Qe6 Bd5 18. Bxd5 Qxd5 19. Qh3 Rd8 20. Qh7+ Kf8 21.
Bh6 Qd2+ 22. Kf1 Qxf2# 0-1

[Event "Mechanics' Spring TNM; G/2"]
[Site "San Francisco"]
[Date "2015.04.21"]
[Round "6.6"]
[White "Vickers, Keith"]
[Black "Drane, Robert"]
[Result "1/2-1/2"]
[WhiteElo "2200"]
[BlackElo "1800"]
[Annotator "Winslow,Elliott"]
[PlyCount "115"]
[EventDate "2015.??.??"]

1. d4 f5 2. Nf3 Nf6 3. Bf4 e6 4. e3 b6 5. Nbd2 Bb7 6. Bd3 Be7 7. h3 d6 8. c3
Nbd7 9. Qe2 Ne4 10. Bxe4 fxe4 11. Ng5 Bxg5 12. Qh5+ g6 13. Qxg5 Qxg5 14. Bxg5
O-O 15. O-O Rf5 16. Bh4 Raf8 17. c4 h6 18. b4 R5f7 19. a4 c5 20. Bg3 d5 21.
bxc5 bxc5 22. Bd6 Rc8 23. cxd5 exd5 24. dxc5 Nxc5 25. Bxc5 Rxc5 26. Rfc1 Rfc7
27. Rxc5 Rxc5 28. Nb3 Rc8 29. Nd4 Ba6 30. Nb5 Bxb5 31. axb5 Rc7 32. Ra6 Kf7 33.
Kh2 Rb7 34. Kg3 Rxb5 35. Rxa7+ Kf6 36. Ra6+ Kf7 37. h4 h5 38. Rd6 Ra5 39. Kh3
Rb5 40. g4 hxg4+ 41. Kxg4 Ra5 42. Kf4 Ra2 43. Kg3 Ra5 44. f3 exf3 45. Kxf3 Rb5
46. Kf4 Rb4+ 47. Kg5 Re4 48. Rd7+ Kf8 49. Kxg6 Rxe3 {Nalimov: =} 50. Rd8+ Ke7 (
50... Re8 $11) 51. Rxd5 Rg3+ 52. Rg5 Ra3 53. Kg7 Ke6 ({or} 53... Rf3) (53...
Ra2) (53... Ra1) (53... Ra7) 54. h5 Ra7+ $8 {everything else loses!} 55. Kg6
Ke7 $2 (55... Ra8 $8) 56. Rf5 $2 (56. h6 $8 Kf8 57. h7 Rg7+ 58. Kh6 Rxg5 59.
h8=Q+ {as we all know (!), QvR is a win. From this position it goes fast:} Rg8
60. Qf6+ Ke8 61. Qe6+ Kf8 62. Qd5 $1) 56... Ra2 $8 (56... Ra3 $8) (56... Ra1 $8
) 57. h6 Rg2+ $8 58. Kh7 1/2-1/2

[Event "Mechanics' Fall TNM; G/2"]
[Site "San Francisco"]
[Date "2015.12.08"]
[Round "8.8"]
[White "Vickers, Keith"]
[Black "Drane, Robert W"]
[Result "0-1"]
[WhiteElo "2200"]
[BlackElo "1909"]
[Annotator "Donaldson"]
[PlyCount "64"]
[EventDate "2015.??.??"]

1. d4 f5 2. Nf3 Nf6 3. Bf4 e6 4. e3 d6 5. Nbd2 g6 6. h3 Bg7 7. Bd3 Qe7 8. Qe2
Nc6 9. e4 e5 10. dxe5 dxe5 11. Bh2 f4 12. g3 g5 13. Bb5 h6 14. O-O-O Bxh3 15.
gxf4 exf4 16. e5 Nd7 17. Bxc6 bxc6 18. Nd4 Be6 19. Nc4 O-O 20. Nxe6 Qxe6 21.
Rhe1 Nb6 22. Na5 Qxa2 23. Nxc6 Nc4 24. c3 Qa1+ 25. Kc2 Qa4+ 26. b3 Qa2+ 27. Kd3
Nb2+ 28. Ke4 {Diagram #} Nxd1 $1 29. Ne7+ Kf7 30. Qc4+ Kxe7 31. Rxd1 (31. Qxc7+
Ke8 32. Qc6+ Kf7 33. Qc4+ Kg6 {and Black gets out of the checks.}) 31... Qc2+
32. Rd3 Qe2+ 0-1

[Event "Mechanics' Spring TNM; G/2"]
[Site "San Francisco"]
[Date "2015.03.24"]
[Round "2.5"]
[White "Vickers, Keith"]
[Black "Gerwin, Gene"]
[Result "1-0"]
[WhiteElo "2200"]
[BlackElo "1910"]
[PlyCount "41"]
[EventDate "2015.??.??"]

1. Nf3 d6 2. d4 Nd7 3. e4 g6 4. Nc3 Bg7 5. Be3 a6 6. Bd3 b5 7. O-O Nb6 8. Qe2
Bb7 9. Rad1 Nf6 10. e5 Nfd5 11. Nxd5 Nxd5 {Diagram #} 12. Bxb5+ $1 c6 13. Bc4
Nxe3 14. fxe3 d5 15. Bd3 O-O 16. Ng5 Bc8 17. Rf2 f6 18. Nxh7 Kxh7 19. Qh5+ Kg8
20. Bxg6 Re8 21. Bxe8 1-0

[Event "Mechanics' Leighton Allen TNM; G/2"]
[Site "San Francisco"]
[Date "2015.09.01"]
[Round "5.10"]
[White "Vickers, Keith"]
[Black "Gupta, Vishrut"]
[Result "1-0"]
[WhiteElo "2200"]
[BlackElo "1608"]
[PlyCount "83"]
[EventDate "2015.??.??"]

1. Nc3 e5 2. d4 exd4 3. Qxd4 Nc6 4. Qa4 d6 5. Nf3 Nf6 6. Bg5 Be7 7. e3 Bd7 8.
O-O-O Ne5 9. Bb5 Nxf3 10. gxf3 a6 11. Bxd7+ Qxd7 12. Qd4 Qf5 13. f4 Qc5 14.
Bxf6 Bxf6 15. Qe4+ Kd7 16. Nd5 Qb5 17. Nxf6+ gxf6 18. Rhg1 Rae8 19. Qd5 Qxd5
20. Rxd5 Rhg8 21. Rg3 Rxg3 22. hxg3 Rg8 23. Rh5 Rg7 24. Kd2 c5 25. c4 b5 26.
Kd3 Ke6 27. b3 f5 28. e4 fxe4+ 29. Kxe4 f6 30. f5+ Kd7 31. Rh6 Re7+ 32. Kd3 Rf7
33. g4 Kc6 34. Ke4 bxc4 35. bxc4 a5 36. f3 a4 37. Kf4 d5 38. g5 dxc4 39. g6
hxg6 40. fxg6 Rg7 41. Kf5 c3 42. Kxf6 1-0

[Event "Mechanics' Winter TNM; 30/90, SD/30"]
[Site "San Francisco"]
[Date "2015.02.17"]
[Round "7.7"]
[White "Vickers, Keith"]
[Black "Hakobyan, Sos"]
[Result "1-0"]
[WhiteElo "2200"]
[BlackElo "1889"]
[PlyCount "91"]
[EventDate "2015.??.??"]

1. d4 Nf6 2. Nf3 c5 3. c3 e6 4. Bf4 cxd4 5. cxd4 Nh5 6. Bg5 Be7 7. Bxe7 Qxe7 8.
Nc3 d5 9. e3 a6 10. Bd3 b5 11. O-O Nf6 12. Rc1 O-O 13. Ne5 Nfd7 14. f4 f5 15.
Nb1 Nf6 16. Nd2 Ra7 17. Nb3 Nfd7 18. Qd2 g5 19. Rc2 Nxe5 20. dxe5 gxf4 21. exf4
Rc7 22. Rfc1 Rxc2 23. Qxc2 Qa7+ 24. Qf2 Qxf2+ 25. Kxf2 Bd7 26. Ke3 Kf7 27. Kd4
Ke7 28. Na5 Rc8 29. Rxc8 Bxc8 30. Kc5 Nd7+ 31. Kc6 h6 32. b4 Kd8 33. Nb7+ Bxb7+
34. Kxb7 a5 35. a3 axb4 36. axb4 Nf8 37. Bxb5 d4 38. Kc6 Ng6 39. g3 Ne7+ 40.
Kc5 Nd5 41. Bd3 h5 42. b5 h4 43. Kxd4 hxg3 44. hxg3 Kc7 45. Bxf5 Kb6 46. Bxe6
1-0

[Event "Mechanics' Summer TNM; G/2"]
[Site "San Francisco"]
[Date "2015.06.16"]
[Round "4.7"]
[White "Vickers, Keith"]
[Black "Hakobyan, Sos"]
[Result "1-0"]
[WhiteElo "2200"]
[BlackElo "1873"]
[PlyCount "81"]
[EventDate "2015.??.??"]

1. b4 e5 2. b5 Nf6 3. Bb2 d6 4. c4 Be6 5. e3 c5 6. d3 Be7 7. Nc3 O-O 8. Nf3 Bg4
9. Be2 Nbd7 10. h3 Bxf3 11. Bxf3 Qc7 12. a4 Rad8 13. a5 Rfe8 14. g3 Nf8 15. Bg2
Ne6 16. Qf3 Rb8 17. h4 h5 18. Nd5 Qd8 19. Nxf6+ Bxf6 20. Qxh5 e4 21. Bxf6 Qxf6
22. O-O exd3 23. Qd5 g5 24. hxg5 Nxg5 25. f4 Nh7 26. Qxd3 Qe6 27. Rfe1 Nf6 28.
Rad1 Qg4 29. e4 Qh5 30. Qe2 Qxe2 31. Rxe2 Nh5 32. Kf2 Re6 33. Red2 Nf6 34. e5
Ng4+ 35. Kf3 Nh2+ 36. Ke4 Ng4 37. Bh3 Rg6 38. Bxg4 Rxg4 39. Rxd6 Rxg3 40. Rd8+
Rxd8 41. Rxd8+ {
Both sides quit keeping score at this point. White won the ending quite easily.
} 1-0

[Event "Mechanics' Fall TNM; G/2"]
[Site "San Francisco"]
[Date "2015.11.17"]
[Round "5.9"]
[White "Vickers, Keith"]
[Black "Handler, Andrew To"]
[Result "1-0"]
[WhiteElo "2200"]
[BlackElo "1730"]
[PlyCount "93"]
[EventDate "2015.??.??"]

1. d4 e6 2. Bf4 f5 3. e3 Nf6 4. Nf3 d5 5. Be2 Be7 6. h3 c6 7. c4 O-O 8. Nc3 Ne4
9. Qc2 Nd7 10. Rc1 Ndf6 11. O-O Bd7 12. Nd2 Nxd2 13. Qxd2 Ne4 14. Nxe4 fxe4 15.
c5 Bg5 16. Be5 Bf6 17. f4 Bxe5 18. fxe5 Rxf1+ 19. Rxf1 Qc7 20. b4 Rf8 21. Rb1
a6 22. a4 Ra8 23. Qb2 b5 24. cxb6 Qxb6 25. Qc3 Rb8 26. Qc5 Qxc5 27. dxc5 Bc8
28. Kf2 Kf7 29. Ke1 Ke7 30. Kd2 Kd7 31. Kc3 Ke7 32. Rf1 Bb7 33. Bg4 Bc8 34. Bh5
g6 35. Bg4 Bd7 36. Be2 Bc8 37. Rf6 Bb7 38. Bg4 Bc8 39. Be2 Bb7 40. g4 g5 41.
Rh6 Rh8 42. b5 axb5 43. axb5 cxb5 44. Bxb5 Bc8 45. c6 Kd8 46. Kd4 Kc7 47. Kc5
1-0

[Event "Mechanics' Summer TNM; G/2"]
[Site "San Francisco"]
[Date "2015.06.02"]
[Round "2.3"]
[White "Vickers, Keith"]
[Black "Maser, Thomas F"]
[Result "1/2-1/2"]
[WhiteElo "2200"]
[BlackElo "1900"]
[PlyCount "85"]
[EventDate "2015.??.??"]

1. b4 Nf6 2. Bb2 d6 3. c4 e5 4. d3 Be7 5. Nf3 O-O 6. Nbd2 Be6 7. b5 c6 8. a4 a6
9. e3 axb5 10. axb5 Rxa1 11. Qxa1 cxb5 12. cxb5 Qb6 13. Be2 Nd5 14. d4 f6 15.
O-O Nc7 16. Rb1 Nd7 17. Ba3 Ra8 18. Qb2 Qa5 19. Bb4 Qa2 20. h3 Kf7 21. e4 Qxb2
22. Rxb2 d5 23. Bxe7 Kxe7 24. dxe5 fxe5 25. b6 Ne8 26. Bb5 dxe4 27. Bxd7 exf3
28. Bxe8 Ra1+ 29. Kh2 fxg2 30. Kxg2 Kxe8 31. Rb5 Rd1 32. Rxe5 Rxd2 33. Rxe6+
Kf7 34. Re5 Rb2 35. Rc5 Rxb6 36. Rc7+ Kf6 37. f4 Rb3 38. h4 b5 39. h5 b4 40. h6
gxh6 41. Rxh7 Kf5 42. Rxh6 Kxf4 43. Kf2 {Both sides quit keeping score here.
White was able to bring his king to the queenside.} 1/2-1/2

[Event "Mechanics' Winter TNM; 30/90, SD/30"]
[Site "San Francisco"]
[Date "2015.01.13"]
[Round "2.6"]
[White "Vickers, Keith"]
[Black "McCarty-Snead, Callaghan"]
[Result "1/2-1/2"]
[WhiteElo "2200"]
[BlackElo "1843"]
[PlyCount "52"]
[EventDate "2015.??.??"]

1. f4 Nf6 2. Nf3 d5 3. e3 e6 4. d4 c5 5. Bd3 Nc6 6. c3 Bd6 7. O-O O-O 8. Ne5
cxd4 9. exd4 Qb6 10. Kh1 Nd7 11. Qh5 Nf6 12. Qh3 Ne4 13. Nd2 f5 14. Ndf3 Nxe5
15. Nxe5 Bxe5 16. fxe5 Bd7 17. a3 a5 18. Qf3 Qc7 19. Qe2 Qd8 20. Qh5 Qe8 21.
Qxe8 Rfxe8 22. c4 Bc6 23. Be3 h6 24. g3 $2 dxc4 25. Bxe4 Bxe4+ 26. Kg1 Bd5
1/2-1/2

[Event "Mechanics' Leighton Allen TNM; G/2"]
[Site "San Francisco"]
[Date "2015.08.04"]
[Round "1.5"]
[White "Vickers, Keith"]
[Black "McKellar, Daniel"]
[Result "1-0"]
[WhiteElo "2200"]
[BlackElo "1615"]
[PlyCount "99"]
[EventDate "2015.??.??"]

1. d4 d5 2. e3 Nf6 3. Bd3 g6 4. Nd2 Bg7 5. Qe2 O-O 6. f4 Bg4 7. Ngf3 e6 8. c3
Nbd7 9. O-O c5 10. h3 Bf5 11. Ne5 Bxd3 12. Qxd3 cxd4 13. exd4 Rb8 14. a4 a6 15.
b3 Rc8 16. Ba3 Re8 17. Rae1 Qc7 18. Rf3 Red8 19. Qe2 Qb6 20. Kh2 Nxe5 21. fxe5
Ne4 22. Nxe4 dxe4 23. Qxe4 Qxb3 24. c4 Qxc4 25. Rc1 Qd5 26. Qxd5 exd5 27. Rfc3
Rc4 28. Rxc4 dxc4 29. Rxc4 h5 30. Bd6 Rd7 31. Rc8+ Kh7 32. Kg3 Bh6 33. Kf3 Bg5
34. Ke4 Kg7 35. Kd5 Bd2 36. Rc7 Rxc7 37. Bxc7 Bb4 38. Bd6 Ba5 39. Kc4 Kh6 40.
Be7 Bc7 41. Bf6 Kh7 42. d5 Kg8 43. d6 Ba5 44. d7 Kf8 45. d8=Q+ Bxd8 46. Bxd8
Ke8 47. Bb6 Kd7 48. Kd5 g5 49. g4 hxg4 50. hxg4 1-0

[Event "Mechanics' Spring TNM; G/2"]
[Site "San Francisco"]
[Date "2015.05.05"]
[Round "8.8"]
[White "Vickers, Keith"]
[Black "Shnaiderman, Lazar"]
[Result "1-0"]
[WhiteElo "2200"]
[BlackElo "1846"]
[PlyCount "71"]
[EventDate "2015.??.??"]

1. b4 e5 2. Bb2 Bxb4 3. Bxe5 Nf6 4. c4 Nc6 5. Bb2 O-O 6. e3 d5 7. a3 Be7 8.
cxd5 Nxd5 9. Nf3 Bf6 10. Qc2 Bxb2 11. Qxb2 Qf6 12. Qxf6 Nxf6 13. Nc3 Bg4 14.
Be2 Rfe8 15. O-O Re7 16. d4 Bxf3 17. gxf3 Rd8 18. Rab1 b6 19. Rfc1 Na5 20. Kf1
c6 21. a4 g6 22. Na2 Kg7 23. Nb4 Rd6 24. Bc4 Nd7 25. Ba2 Re8 26. Rc3 c5 27. Nd5
cxd4 28. exd4 Nf6 29. Nc7 Re7 30. d5 Rd8 31. Rbc1 Nb7 32. Rc6 Rd6 33. Nb5 Rxc6
34. dxc6 Nc5 35. c7 Re8 36. Nd6 1-0

[Event "Mechanics' Summer TNM; G/2"]
[Site "San Francisco"]
[Date "2015.07.07"]
[Round "7.2"]
[White "Vickers, Keith"]
[Black "Sun, James"]
[Result "0-1"]
[WhiteElo "2200"]
[BlackElo "2081"]
[PlyCount "88"]
[EventDate "2015.??.??"]

1. f4 Nf6 2. Nf3 g6 3. d3 Bg7 4. e4 d6 5. Be2 O-O 6. O-O c5 7. a4 Nc6 8. Na3 a6
9. Nc4 d5 10. exd5 Nxd5 11. c3 Qc7 12. Qe1 Rb8 13. a5 Nxf4 14. Bxf4 Qxf4 15.
Nfe5 Qg5 16. h4 Qh6 17. Nxc6 bxc6 18. g4 g5 19. Qg3 Be6 20. Nb6 gxh4 21. Qf4
Qg6 22. Kh1 h6 23. Ra4 Qg5 24. Re4 Bf6 25. Rxe6 fxe6 26. Nd7 Rxb2 27. Nxf8 Kxf8
28. Qe4 Qd2 29. Rf2 Qe1+ 30. Kg2 h3+ 31. Kf3 Bh4 32. Qf4+ Ke8 33. Rh2 Kd7 34.
Qe5 Rc2 35. Qb8 Qxc3 36. Qb7+ Ke8 37. Qxc6+ Kf7 38. Qe4 Qe1 39. Qf4+ Kg8 40.
Qb8+ Kh7 41. Qe5 c4 42. Qe4+ Kg7 43. Qe5+ Bf6 44. Qe4 cxd3 0-1